000 01615cam a2200133 4500500
005 20260405064249.0
041 _afre
042 _adc
100 1 0 _aMalka, Salomon
_eauthor
245 0 0 _aSous l'Arche de Titus
260 _bArmand Colin,
_c2010.
520 _aOù est passé le chandelier du temple de Jérusalem ? Sous l’Arche de Titus, un bas-relief immortalise une scène vieille de près de 2000 ans, l’entrée des troupes romaines, en procession, après la révolte de Judée en l’an 70 après J.-C. On perçoit les coffrets hissés sur les épaules des captifs, les trompettes et le chandelier. Quiconque observe la frise, à Rome, ne peut manquer de se poser la question : Où se trouve le chandelier ? Qu’est-il devenu ? Salomon Malka a mené une enquête partout où on a signalé sa présence. Il a parcouru des lieux, de Rome à Jérusalem, et de Rennes-le-Château à Cosenza. Il a suivi les traces de Flavius Josèphe, Alaric, Benjamin de Tudèle, Nicolas Poussin, Stefan Zweig, Sigmund Freud… Il s’est mis à l’écoute de Paul Veyne au Collège de France, a interrogé des qumranologues sur les manuscrits de la mer Morte et le fameux « Rouleau de cuivre », a retrouvé un Poussin manquant, suivi des guides, des historiens, des journalistes. Au terme de ce périple sur les traces de la « Menorah », où de multiples pistes sont explorées, c’est une vision du judaïsme propre à l’auteur qui nous est proposée, aussi fascinante qu’inattendue.
856 4 1 _uhttps://shs.cairn.info/sous-larche-de-titus--9782200249816?lang=fr&redirect-ssocas=7080
999 _c2186695
_d2186695